Nutrition and diet therapy/ (Record no. 7368)

MARC details
000 -LEADER
fixed length control field 00780 a2200205 4500
005 - DATE AND TIME OF LATEST TRANSACTION
control field 20080925140141.0
008 - FIXED-LENGTH DATA ELEMENTS--GENERAL INFORMATION
fixed length control field 080925t xxu||||| |||| 00| 0 eng d
010 ## - LCCN (DPL NO)
LC control number ENG-87911
020 ## - INTERNATIONAL STANDARD BOOK NUMBER
International Standard Book Number 8189557831
Terms of availability 595.00
035 ## - SYSTEM CONTROL NUMBER
System control number EN-71444
037 ## - SOURCE OF ACQUISITION
Source of stock number/acquisition DBAD / PUB
082 ## - DEWEY DECIMAL CLASSIFICATION NUMBER
Classification number 615.854
100 ## - MAIN ENTRY--PERSONAL NAME
Personal name Walls, W.
245 ## - TITLE STATEMENT
Title Nutrition and diet therapy/
Statement of responsibility, etc by W. Walls
260 ## - PUBLICATION, DISTRIBUTION, ETC. (IMPRINT)
Place of publication, distribution, etc New Delhi
Name of publisher, distributor, etc Arise Publishers & Distributors
Date of publication, distribution, etc 2007
270 ## - ADDRESS
Address 4648/1, 21, Ansari Road, Darya Ganj,
City New Delhi
Postal code 110 002
300 ## - PHYSICAL DESCRIPTION
Extent v, 248p.p.
Dimensions 22cm. (Hb)
942 ## - ADDED ENTRY ELEMENTS (KOHA)
Institution code [OBSOLETE] dpl
Item type English Books
Call number prefix 615.854 / WAL
Source of classification or shelving scheme Dewey Decimal Classification
Classification part 615.854
Call number suffix WAL
Holdings
Withdrawn status Lost status Source of classification or shelving scheme Damaged status Not for loan Collection code Home library Current library Date acquired Cost, normal purchase price Total Checkouts Full call number Barcode Date last seen Copy number Cost, replacement price Koha item type
    Dewey Decimal Classification   Not For Loan Non-fiction D.B.Act.Division D.B.Act.Division 25/09/2008 595.00   615.854 WAL EN-71444 15/09/2008 1 595.00 English Books

© Delhi Public Library
Hit Counter
free hit counter